000 013810000a22001930004500
001 14439
020 _a84-206-4390-4
041 0 _aSPA
082 0 4 _aG 170 G569d
245 1 0 _aDoce textos fundamentales de la ética del siglo XX / Carlos Gómez, Editor
260 _aMadrid : Alianza Editorial
300 _a312 Pág.
505 0 0 _a- La filosofía analítica: George Edward Moore: El tema de la ética; Ludwing Wittgenstein: Conferencia sobre ética - La corriente fenomenológica-exitencialista: Max Scheler: Relaciones de los valores 'bueno' y 'malo' con los restantes valores y con los bienes; Jean-Paul Sartre: El exitencialismo es un humanismo - Los marxismos: Ernst Bloch: ¿Puede frustarse la esperanza?; Jürgen Habermas: Ética discursiva - La polémica entre liberales y comunitaristas: John Rawls: Justicia como imparcialidad: política, no metafísica; Charles Taylor: Horizontes ineludibles - Hermenéutica y posmodernidad: Paul Ricoeur: Ética y moral; Michael Foucault: La ética del cuidado de sí como práctica de la libertad. - Ética en la lengua española: José Luis Aranguren: La ética y la tarea de la moralización; Javier Murguerza: La obedicencia al Derecho y el imperativo de la disidencia.
650 1 4 _aETICA
942 _cBK
999 _c43302
_d43302
336 _atexto
_btxt
_2rdacontent
337 _2rdamedia
_asin mediación
_bn
338 _2rdacarrier
_avolumen
_bnc